000 02356nam0a2200397 i 4500
001 RU\NLR\BIBL_A\010524298
005 20260406071907.0
010 _a9785893926323
_91000
021 _aRU
_b2014-63580
_93871
035 _a(NILC)RuMoRGB-007542893
035 _a(NLR Aleph) 010524298
090 _a10227814
_c10227814
100 _a20141106d2014 k y0rusy50 ca
101 0 _arus
_deng
_erus
_eeng
102 _aRU
105 _ay|||z|||001yy
200 1 _aНаучно-методическое сопровождение последипломного образования педагогов-музыкантов
_dScientific and methodical support postgraduate education teachers-musicians
_eмонография
_fГ.П. Сергеева
_gМ-во образования Моск. обл., Гос. бюджет. образоват. учреждение Моск. обл. "Акад. соц. упр."
_zeng
210 _aМосква
_cТриумф
_d2014
215 _a164 с.
_d20
300 _aАвт. также на англ. яз.: G.P. Sergeeva
300 _aНа 4-й с. обл. авт.: Сергеева Г.П., к.п.н., доц., чл.-кор. Междунар. акад. наук пед. образования, засл. учитель Рос. Федерации
300 _aРез. на англ. яз.
320 _aБиблиогр.: с. 155-163 (135 назв.) и в подстроч. примеч.
320 _aДр. произведения авт. на 4-й с. обл.
510 1 _6z33790
_aScientific and methodical support postgraduate education teachers-musicians
_zeng
606 1 _aУчителя музыки
_xПовышение квалификации
_91850223
_3RU\NLR\AUTH\661129690
606 _aПоследипломное педагогическое образование
_92098209
_3RU\NLR\AUTH\661269313
686 1 _aЧ489.514(2Р)78
686 1 _aЧ489.518.266.67
700 1 _7ca
_8rus
_aСергеева
_bГ. П.
_cканд. пед. наук, музыка
_gГалина Петровна
_912173
_3RU\NLR\AUTH\7729144
790 1 _7ba
_8rus
_aSergeeva
_bG. P.
_cканд. пед. наук, музыка
_gGalina Petrovna
_9107513
_3RU\NLR\AUTH\77124588
801 0 _aRU
_bРГБ
_c20140827
_gRCR
942 _cBOOK
980 _aNBR